000 00328nam a2200133Ia 4500
008 240624s9999 xx 000 0 und d
041 _aeng
082 _a025.431 DEW
100 _aDEWEY MELVIL
245 _aDEWEY DECIMAL CLASSIFICATION AND RELATIV
250 _a(22nd ed.)
260 _c2003
_aOhio
_bOCLC
300 _axvi, : 1250
999 _c1321
_d1321